Ladislav Chudík

Bibliographic Details
Main Author: Krénová, Ľubica, 1963- (Author)
Format: Book
Language:Slovak
PhysicalDescription:431 s. fotogr. 21 cm
Published: Bratislava Slovart Divadelný ústav 2009
ISBN:9788080857905
Edition:1. vyd.
Series:Osobnosti
Subjects:

MARC

LEADER 00000cam a2200000 a 4500
001 vtls009524940
003 SK-MaSNL
005 20260425224159.0
008 240315s2009 xo o g 000 0bslo
015 |a SNBA2009/09-04687 
020 |a 9788080857905  |q (viaz.) 
035 |a B3512BEC-5B96-4F6D-B5DF-EB31A12BBC93 
035 |a urn:nbn:sk:snk-amk8nn 
035 |a urn:nbn:sk:snk-am008ckp 
040 |a SNK  |b slo  |c SNK  |e AACR2 
041 0 |a slo  |b eng 
043 |a e-xo--- 
044 |a xo  |c SK 
072 7 |a 791/793  |x Divadlo, film, tanec (všeobecne)  |2 konspekt 
072 7 |a 929  |x Biografie  |2 konspekt 
080 |a 929  |2 2001 
080 |a 791/792.071.2  |2 2001 
080 |a (092)  |2 2001 
080 |a (048.8)  |2 2001 
080 |a (437.6)  |2 2001 
100 1 |a Krénová, Ľubica,  |d 1963-  |4 aut  |9 1635872 
245 1 0 |a Ladislav Chudík  |c Ľubica Krénová 
250 |a 1. vyd. 
260 |a Bratislava  |b Slovart  |b Divadelný ústav  |c 2009 
300 |a 431 s.  |b fotogr.  |c 21 cm 
490 1 |a Osobnosti 
504 |a Kalendárium 
546 |a Res. angl. 
600 1 7 |a Chudík, Ladislav,  |d 1924-2015  |2 SNKMA  |9 101396 
650 0 7 |a herci  |2 SNKPH  |9 3087 
650 0 7 |a Actors  |2 SNKPHeng  |9 278341 
651 7 |a Slovensko  |2 SNKPH  |9 14231 
651 7 |a Slovakia  |2 SNKPH  |9 92630 
655 7 |a biografie  |2 SNKPH  |9 27965 
655 7 |a monografie  |2 SNKPH  |9 70139 
655 7 |a Biography  |2 SNKPHeng  |9 266314 
655 7 |a Monographs  |2 SNKPHeng  |9 120675 
830 0 |a Osobnosti  |9 299975 
919 |a 978-80-8085-790-5 
958 |a BX 
968 |d 791/792 
999 |c 606331  |d 608261 
952 |a SNK  |b SNK  |y PREZ  |7 0  |p 17A0624336  |o snkSC 136232  |i snk2009/11438  |8 0  |0 0  |1 0  |4 0  |d 2009-06-23  |l 0  |r 2025-07-02 00:00:00  |w 2026-02-23 
952 |a SNK  |b SNK  |y VYP  |7 0  |p 17A0624337  |o snkSC 136232 D1  |i snk2009/11440  |8 0  |0 0  |1 0  |4 0  |d 2009-06-23  |f 1  |l 0  |r 2026-02-23 16:09:06  |w 2026-02-23 
952 |t snkKRE 792:929  |a SNKUST  |b SNKUST  |y PREZ  |7 0  |p 17A0624566  |o snkSC 136232 D2  |i snk2009/11711  |8 0  |0 0  |1 0  |4 0  |d 2009-06-25  |l 0  |r 2025-04-30 00:00:00  |w 2026-02-23